[Event "Dundee & Angus Open"]
[Site "?"]
[Date "2016.10.08"]
[Round "3"]
[White "Irving, Neil"]
[Black "Berera, Siddharth"]
[Result "1-0"]
[WhiteElo "1845"]
[BlackElo "1650"]
[PlyCount "27"]
[WhiteTeam "Scotland"]
[BlackTeam "Germany 2"]

1. Nf3 c5 2. c4 Nc6 3. d4 cxd4 4. Nxd4 d5 5. Qa4 Qb6 6. e3 Bd7 7. cxd5 Nxd4 8.
Qxd4 Qxd4 9. exd4 Nf6 10. Nc3 O-O-O 11. Bf4 Bf5 12. Rc1 Nh5 13. Ne4+ Kd7 14.
Bb5# 1-0

[Event "Dundee & Angus Open"]
[Site "?"]
[Date "2016.10.08"]
[Round "3"]
[White "James, Chris"]
[Black "IM Orr, Mark"]
[Result "1/2-1/2"]
[WhiteElo "1861"]
[BlackElo "2110"]
[PlyCount "131"]
[WhiteTeam "Scotland"]
[BlackTeam "Germany 2"]

1. e4 c6 2. d4 d5 3. f3 e6 4. Nc3 b6 5. Be3 Ba6 6. Nge2 Bb4 7. Qd2 Ne7 8. Ng3
Bxf1 9. Rxf1 O-O 10. Nh5 Ng6 11. O-O-O f6 12. a3 Be7 13. f4 f5 14. e5 Nd7 15.
g4 b5 16. gxf5 exf5 17. Qg2 Nb6 18. h4 Bxh4 19. Bf2 a5 20. Bxh4 Qxh4 21. Rh1
Qe7 22. Qh2 b4 23. Nb1 Nc4 24. a4 Ne3 25. Rde1 Ng4 26. Qg1 b3 27. c3 Rfc8 28.
Nd2 Rab8 29. Nf3 c5 30. Ng5 h6 31. Nf6+ gxf6 32. exf6 Qxf6 33. Ne6 cxd4 34.
Nxd4 Re8 35. Qg2 Re4 36. Rxe4 dxe4 37. Qf1 Ne7 38. Qc4+ Qf7 39. Qc7 Rc8 40.
Qxa5 e3 41. Qa6 Qf6 42. Qb7 Qxd4 43. Qxc8+ Nxc8 44. cxd4 Kf7 45. Kb1 Nd6 46. a5
Ke6 47. a6 Nb5 48. Kc1 Kd5 49. Rh5 Ke4 50. d5 Nf6 51. d6 Nxh5 52. d7 Nxf4 53.
d8=Q Nd3+ 54. Kd1 Nxb2+ 55. Ke2 Nc3+ 56. Kf1 e2+ 57. Kg2 Ke3 58. a7 e1=Q 59.
Qe7+ Ne4 60. a8=Q Qf2+ 61. Kh1 Kf3 62. Qg7 Nd3 63. Qg6 Nf4 64. Qxe4+ Kxe4 65.
Qxf5+ Kd4 66. Qc5+ 1/2-1/2

[Event "Dundee & Angus Open"]
[Site "?"]
[Date "2016.10.08"]
[Round "3"]
[White "Abdulla, Murad"]
[Black "Jennings, Richard"]
[Result "1-0"]
[WhiteElo "2045"]
[BlackElo "1894"]
[PlyCount "93"]
[WhiteTeam "Scotland"]
[BlackTeam "Germany 2"]

1. Nf3 Nf6 2. b3 b6 3. Bb2 Bb7 4. e3 e6 5. Be2 Be7 6. c4 c5 7. Nc3 d6 8. O-O
Nbd7 9. d4 O-O 10. Rc1 a6 11. Qc2 Qc7 12. Rfd1 Rac8 13. e4 cxd4 14. Nxd4 Qb8
15. f3 d5 16. exd5 exd5 17. Qf5 dxc4 18. Bxc4 b5 19. Bf1 Rc5 20. Qd3 Rh5 21. g3
Ne5 22. Qe2 Bc5 23. Bg2 Qa7 24. Nb1 Re8 25. Qf2 Rd8 26. Rd2 Rf5 27. Rxc5 Ne4
28. Nxf5 Rxd2 29. Nxd2 Nxf2 30. Bd4 Nfd3 31. Rxe5 Qb8 32. Re3 Nb4 33. Nxg7 Bc6
34. Nf5 Bd7 35. Ne7+ Kf8 36. Bc5 Qc7 37. Bxb4 Qc1+ 38. Kf2 Kg7 39. Nd5 Be6 40.
Nf4 Bf5 41. g4 Bc2 42. Bc3+ Kf8 43. Re1 Qa3 44. Kg3 Qc5 45. Be5 Qb4 46. Nh5
Qxd2 47. Bg7+ 1-0

[Event "Dundee & Angus Open"]
[Site "?"]
[Date "2016.10.08"]
[Round "3"]
[White "Rutherford, Willie"]
[Black "Milton, Carl"]
[Result "1/2-1/2"]
[WhiteElo "1912"]
[BlackElo "1743"]
[PlyCount "124"]
[WhiteTeam "Scotland"]
[BlackTeam "Germany 2"]

1. d4 d5 2. Nf3 Nf6 3. Bf4 c6 4. c3 Bf5 5. Nbd2 e6 6. e3 h6 7. Be2 Be7 8. Ne5
O-O 9. Qb3 Qb6 10. O-O c5 11. g4 Bh7 12. g5 hxg5 13. Bxg5 Re8 14. Qxb6 axb6 15.
Bb5 Rd8 16. a4 Kf8 17. f3 Nfd7 18. Bxe7+ Kxe7 19. Nxd7 Nxd7 20. Kf2 Bg6 21. Rg1
Rh8 22. Rg2 cxd4 23. exd4 Nf6 24. Ke3 Ne8 25. Bd3 Bxd3 26. Kxd3 g6 27. b3 b5
28. Nf1 Nd6 29. Rga2 Rh3 30. Ke2 Rc8 31. Rc1 b4 32. Rac2 Nf5 33. Kf2 bxc3 34.
Rxc3 Rxc3 35. Rxc3 Nxd4 36. Kg2 Rh4 37. Rc7+ Kf6 38. Rxb7 Nc2 39. a5 Rh8 40. a6
Ra8 41. Rb6 d4 42. Kf2 Ke5 43. Nd2 Kd5 44. Rb5+ Kc6 45. Ra5 Nb4 46. a7 Nd3+ 47.
Ke2 Nf4+ 48. Kd1 Kb7 49. Nc4 Rxa7 50. Nd6+ Kb6 51. Rxa7 Kxa7 52. Nxf7 Kb6 53.
Kd2 Kc5 54. Ne5 Kb4 55. Nd3+ Nxd3 56. Kxd3 e5 57. h4 Kxb3 58. f4 exf4 59. Kxd4
f3 60. Ke3 Kc4 $11 61. Kxf3 Kd5 62. Kf4 Ke6 1/2-1/2

[Event "Dundee & Angus Open"]
[Site "?"]
[Date "2016.10.08"]
[Round "3"]
[White "Newton, Andrew"]
[Black "Sykes, Chris"]
[Result "0-1"]
[WhiteElo "1912"]
[BlackElo "1808"]
[PlyCount "100"]
[WhiteTeam "Scotland"]
[BlackTeam "Germany 2"]

1. d4 d5 2. c4 e6 3. Nf3 Nf6 4. g3 dxc4 5. Bg2 Bd7 6. O-O Bc6 7. Bf4 Bd6 8. e3
Bxf4 9. exf4 Nbd7 10. Qe2 Bd5 11. Nc3 c6 12. Rad1 O-O 13. Ne5 Qa5 14. Nxc4 Qa6
15. Bxd5 cxd5 16. Ne5 Qxe2 17. Nxe2 Rac8 18. Rc1 Nb6 19. b3 Rxc1 20. Rxc1 Rc8
21. Rxc8+ Nxc8 22. Nc3 Nd6 23. f3 Nf5 24. Ne2 Ne3 25. Kf2 Nc2 26. Nd3 Nd7 27.
Ne1 Nxe1 28. Kxe1 Kf8 $11 29. Kd2 Ke7 30. Nc3 Nb8 31. Na4 Nc6 32. Kc3 b6 33.
Nb2 Kd6 34. b4 Ne7 35. b5 h5 36. Nd3 Nf5 37. g4 Nh4 38. Ne1 g6 39. gxh5 gxh5
40. Kd3 Ke7 41. Ke3 Nf5+ 42. Kd3 Nd6 43. a4 Nc4 44. Kc3 Kd6 45. Nd3 Ne3 46. Ne5
f6 47. Ng6 Nf5 48. Kd3 Kd7 49. Nf8+ Ke7 50. Nh7 Kf7 0-1

[Event "Dundee & Angus Open"]
[Site "?"]
[Date "2016.10.08"]
[Round "3"]
[White "Hamilton, Douglas"]
[Black "Doyle, James"]
[Result "1-0"]
[WhiteElo "1917"]
[BlackElo "1787"]
[PlyCount "81"]
[WhiteTeam "Scotland"]
[BlackTeam "Germany 2"]

1. c4 Nf6 2. g3 e5 3. Bg2 Be7 4. e3 d6 5. Ne2 h5 6. h4 c6 7. Nbc3 Nbd7 8. d4
Nf8 9. d5 Bd7 10. dxc6 bxc6 11. e4 Ng6 12. Bg5 Ng4 13. Bxe7 Qxe7 14. Qd2 Be6
15. b3 O-O 16. Qg5 Qf6 17. Qxf6 Nxf6 18. f4 Bg4 19. f5 Ne7 20. Nc1 Rad8 21. Nd3
g6 22. fxg6 fxg6 23. O-O Nd7 24. Rxf8+ Rxf8 25. Nf2 Rf6 26. Nxg4 hxg4 27. Rf1
Kg7 28. Rxf6 Nxf6 29. Kf2 Kh6 30. b4 g5 31. hxg5+ Kxg5 32. a4 Nd7 33. b5 Nc5
34. a5 Kf6 35. Bf1 Ke6 36. Be2 Kd7 37. Bxg4+ Kc7 38. Ke3 Nb3 39. a6 Kb6 40. Bd7
d5 41. exd5 1-0

[Event "Dundee & Angus Open"]
[Site "?"]
[Date "2016.10.09"]
[Round "4"]
[White "Jennings, Richard"]
[Black "Dabos-Doukas, Ioannis"]
[Result "1-0"]
[WhiteElo "1894"]
[BlackElo "1786"]
[PlyCount "103"]
[WhiteTeam "Scotland"]
[BlackTeam "Germany 2"]

1. c4 c5 2. Nc3 Nc6 3. g3 g6 4. Bg2 Bg7 5. Rb1 Nf6 6. a3 O-O 7. b4 cxb4 8. axb4
d6 9. b5 Ne5 10. d3 Qc7 11. Bd2 Be6 12. Nh3 Bg4 13. Nf4 Rfe8 14. h3 Bc8 15. O-O
e6 16. h4 Ned7 17. Na4 e5 18. Nh3 e4 19. Nf4 Nc5 20. Nc3 b6 21. d4 Ncd7 22. Qb3
Bb7 23. Ra1 Ng4 24. Ncd5 Qd8 25. e3 Ndf6 26. Nb4 h6 27. Ra2 g5 28. hxg5 hxg5
29. Nh3 d5 30. c5 Nh6 31. c6 Bc8 32. Rfa1 Re7 33. Nxg5 Bg4 34. Nh3 Bf3 35. Nf4
Nhg4 36. Nbxd5 Re8 37. Rxa7 Rxa7 38. Rxa7 Qd6 39. Bb4 Qd8 40. Ne7+ Kh7 41. Qxf7
Ne5 42. dxe5 Qd1+ 43. Kh2 Ng4+ 44. Kh3 Bxg2+ 45. Kh4 Qh1+ 46. Kxg4 Bf3+ 47. Kf5
Rf8 48. Qxf8 Bxf8 49. Neg6+ Bg7 50. Bf8 Bg4+ 51. Kxg4 Qd1+ 52. Kf5 {1 - 0 time}
1-0

[Event "Dundee & Angus Open"]
[Site "?"]
[Date "2016.10.09"]
[Round "4"]
[White "Milton, Carl"]
[Black "Marks, Ian"]
[Result "0-1"]
[WhiteElo "1743"]
[BlackElo "1900"]
[PlyCount "82"]
[WhiteTeam "Scotland"]
[BlackTeam "Germany 2"]

1. d4 Nf6 2. c4 e6 3. Nf3 d5 4. Nc3 c6 5. Bg5 Nbd7 6. e3 Qa5 7. Nd2 Bb4 8. Qc2
O-O 9. Rd1 Re8 10. a3 Be7 11. cxd5 exd5 12. Bd3 Qd8 13. O-O h6 14. Bh4 Nh5 15.
Bxe7 Qxe7 16. b4 a6 17. Qb3 Nhf6 18. a4 Rb8 19. Na2 Ne4 20. Qc2 Ndf6 21. Rb1
Nxd2 22. Qxd2 Ne4 23. Qc2 Bd7 24. Rfc1 Qg5 25. Nc3 Bh3 26. g3 Nxc3 27. Qxc3 Re6
28. b5 axb5 29. axb5 Rbe8 30. Re1 f5 31. Bf1 Qh5 32. bxc6 bxc6 33. Rb6 f4 34.
Rxc6 Rxc6 35. Qxc6 fxe3 36. Bxh3 exf2+ 37. Kxf2 Qf7+ 38. Kg2 Rxe1 39. Qc8+ Kh7
40. Bf5+ g6 41. Bg4 Qf1# 0-1

[Event "Dundee & Angus Open"]
[Site "?"]
[Date "2016.10.09"]
[Round "4"]
[White "Shafi, Declan"]
[Black "Romilly, Peter"]
[Result "0-1"]
[WhiteElo "1886"]
[BlackElo "2033"]
[PlyCount "75"]
[WhiteTeam "Scotland"]
[BlackTeam "Germany 2"]

1. d4 Nf6 2. c4 e6 3. Nc3 Bb4 4. Qc2 Nc6 5. Nf3 d5 6. a3 Bxc3+ 7. bxc3 Ne4 8.
e3 O-O 9. Bd3 f5 10. O-O Rf6 11. cxd5 exd5 12. c4 Be6 13. Nd2 Rh6 14. cxd5 Bxd5
15. Nxe4 Qh4 16. h3 fxe4 17. Bc4 Ne7 18. a4 c6 19. Ba3 Rd8 20. Rab1 b6 21.
Bxd5+ Nxd5 22. a5 b5 23. Qc5 Rg6 24. Kh1 Qg5 25. Rg1 Rf6 26. Rb2 Rd7 27. a6
Rdf7 28. Rf1 Qh4 29. Re2 h6 30. Kh2 Qh5 31. Ree1 Qg6 32. Re2 Kh7 33. g3 Rf3 34.
Kg2 Qh5 35. Kh2 Rxg3 36. Kxg3 Qxe2 37. Qd6 Rf3+ 38. Kg2 0-1

[Event "Dundee & Angus Open"]
[Site "?"]
[Date "2016.10.09"]
[Round "4"]
[White "Robinson, Stephen"]
[Black "Hamilton, Douglas"]
[Result "0-1"]
[WhiteElo "1866"]
[BlackElo "1917"]
[PlyCount "78"]
[WhiteTeam "Scotland"]
[BlackTeam "Germany 2"]

1. Nf3 f5 2. d4 Nf6 3. h3 e6 4. Bg5 Be7 5. Nc3 d5 6. Bxf6 Bxf6 7. Qd2 c6 8. g4
Nd7 9. g5 Be7 10. Rg1 Bd6 11. g6 h6 12. Qe3 Qf6 13. O-O-O b6 14. Bg2 Bb7 15.
Bh1 O-O-O 16. h4 Rde8 17. Qd2 e5 18. h5 e4 19. Ne1 f4 20. Rg4 Qf5 21. Rh4 Qg5
22. Rh2 Ba6 23. Kb1 Nf6 24. Na4 Ng4 25. Rg2 Qxh5 26. Qc3 Bb5 27. Rxg4 Qxg4 28.
Bg2 Qxe2 29. Qh3+ Kc7 30. Nc3 Qc4 31. a3 Bxa3 32. bxa3 f3 33. Qg3+ Kb7 34. Nxb5
Qxb5+ 35. Ka2 fxg2 36. Nxg2 Qe2 37. Ne3 Qf3 38. Qd6 Qh3 39. c4 Qe6 {Time} 0-1

[Event "Dundee & Angus Open"]
[Site "?"]
[Date "2016.10.09"]
[Round "4"]
[White "Ridge, Mike"]
[Black "Kosznik, Dariusz"]
[Result "1/2-1/2"]
[WhiteElo "1837"]
[BlackElo "1718"]
[PlyCount "94"]
[WhiteTeam "Scotland"]
[BlackTeam "Germany 2"]

1. c4 Nf6 2. Nc3 c5 3. Nf3 Nc6 4. d4 cxd4 5. Nxd4 d5 6. cxd5 Nxd5 7. Nxc6 bxc6
8. e4 Nxc3 9. Qxd8+ Kxd8 10. bxc3 e5 11. Bc4 f6 12. Be3 Ba3 13. Rb1 Ke7 14. O-O
Rd8 15. Rb3 Bd6 16. Rd1 Rd7 17. Rdb1 Rd8 18. f3 Rd7 19. g4 g5 20. Bg8 h6 21.
Bh7 Rd8 22. Bf5 Ba6 23. a4 c5 24. c4 Rh8 25. Rd1 Rab8 26. Rbd3 Rhd8 27. Rxd6
Rxd6 28. Bxc5 Rbb6 29. Rc1 Rbc6 30. Bxd6+ Kxd6 31. Rd1+ Kc5 32. Bd7 Rc7 33. Bb5
Bb7 34. a5 a6 35. Bd7 Kb4 36. Be6 Kxa5 37. Rd8 Kb4 38. Rf8 a5 39. Rxf6 a4 40.
Bd5 Bc8 41. Rb6+ Kc3 42. Rb8 a3 43. c5 Rxc5 44. Rb3+ Kd4 45. Rxa3 Rc3 46. Rxc3
Kxc3 47. Kf2 Kd4 1/2-1/2

[Event "Dundee & Angus Open"]
[Site "?"]
[Date "2016.10.09"]
[Round "4"]
[White "Berera, Siddharth"]
[Black "Newton , Andrew"]
[Result "0-1"]
[WhiteElo "1650"]
[BlackElo "1912"]
[PlyCount "68"]
[WhiteTeam "Scotland"]
[BlackTeam "Germany 2"]

1. e4 e6 2. d4 d5 3. Nc3 Bb4 4. e5 c5 5. Bd2 a6 6. Qg4 Kf8 7. Nf3 Nc6 8. Qf4
cxd4 9. Nxd4 Qb6 10. Nxc6 bxc6 11. a3 Be7 12. Na4 Qc7 13. Bd3 c5 14. c4 g5 15.
Qg3 d4 16. b4 cxb4 17. axb4 Rb8 18. c5 h5 19. h3 h4 20. Qh2 Nh6 21. O-O Nf5 22.
Nb6 Rxb6 23. cxb6 Qxb6 24. Bxf5 exf5 25. f4 g4 26. hxg4 d3+ 27. Rf2 fxg4 28. g3
Qd4 29. Rc1 Bb7 30. Rc7 Qb6 31. Rxe7 Kxe7 32. gxh4 Qc6 33. f5 g3 34. Bg5+ Ke8
0-1

[Event "Dundee & Angus Open"]
[Site "?"]
[Date "2016.10.09"]
[Round "4"]
[White "Bucher, Goetz"]
[Black "Cooke, Mark"]
[Result "1-0"]
[WhiteElo "1887"]
[BlackElo "1949"]
[PlyCount "95"]
[WhiteTeam "Scotland"]
[BlackTeam "Germany 2"]

1. e4 d5 2. exd5 Nf6 3. Bb5+ Nbd7 4. c4 a6 5. Ba4 b5 6. cxb5 Nxd5 7. Nc3 N5b6
8. Bb3 e6 9. d4 Nf6 10. Nf3 axb5 11. O-O Be7 12. Re1 O-O 13. Nxb5 Bb7 14. Be3
Nbd5 15. Rc1 Ba6 16. Nc3 Bb4 17. Ne5 Bb7 18. Bg5 Qd6 19. Nd3 Nxc3 20. bxc3 Ba3
21. Rc2 Ra5 22. Bf4 Qc6 23. f3 Nd5 24. Ne5 Qa6 25. Bc1 Bxc1 26. Qxc1 Qa7 27.
Kh1 c5 28. dxc5 Qxc5 29. Nd7 Qe7 30. Nxf8 Qh4 31. Bxd5 Rxd5 32. Re4 Qd8 33. Rd4
Kxf8 34. Rxd5 Qxd5 35. Rd2 Qc6 36. Qa3+ Ke8 37. Qd6 Qxd6 38. Rxd6 h5 39. Kg1 g6
40. Kf2 Ke7 41. Rd2 e5 42. Ke3 Ke6 43. a4 f5 44. c4 f4+ 45. Kd3 Kd6 46. Kc3+
Kc5 47. Re2 Kd6 48. Kb4 1-0

[Event "Dundee & Angus Open"]
[Site "?"]
[Date "2016.10.09"]
[Round "4"]
[White "IM Orr, Mark"]
[Black "Irving, Neil"]
[Result "1/2-1/2"]
[WhiteElo "2110"]
[BlackElo "1845"]
[PlyCount "69"]
[WhiteTeam "Scotland"]
[BlackTeam "Germany 2"]

1. c4 c5 2. Nf3 g6 3. d4 cxd4 4. Nxd4 Bg7 5. e4 Nc6 6. Be3 d6 7. Nc3 Nf6 8. Be2
O-O 9. O-O Nxd4 10. Bxd4 Bd7 11. f3 a6 12. Rb1 b5 13. cxb5 axb5 14. a3 Rb8 15.
Na2 Rb7 16. Nb4 Be6 17. Qd2 Qd7 18. Rbc1 Rc8 19. Rxc8+ Qxc8 20. Rc1 Qa8 21. g4
Nd7 22. Bxg7 Kxg7 23. Qc3+ f6 24. g5 Kf7 25. gxf6 Nxf6 26. Qe3 Kg7 27. Bd3 Bd7
28. e5 dxe5 29. Qxe5 Bh3 30. Bf1 Bxf1 31. Kxf1 Qd8 32. Re1 Qd7 33. Kg2 Rc7 34.
Re2 Kf7 35. b3 $11 1/2-1/2

[Event "Dundee & Angus Open"]
[Site "?"]
[Date "2016.10.09"]
[Round "4"]
[White "Robertson, Jim"]
[Black "Dawson, Alastair"]
[Result "0-1"]
[WhiteElo "1524"]
[BlackElo "1807"]
[PlyCount "84"]
[WhiteTeam "Scotland"]
[BlackTeam "Germany 2"]

1. d4 d6 2. e3 Nf6 3. f4 g6 4. Nf3 Bg7 5. Bc4 O-O 6. O-O b6 7. c3 Bb7 8. Qb3 d5
9. Bd3 Nbd7 10. Ng5 c5 11. Qd1 Ne4 12. Bxe4 dxe4 13. Nd2 cxd4 14. exd4 Nf6 15.
Re1 Qd5 16. Qe2 e3 17. Ndf3 h6 18. Nh3 Ng4 19. Bxe3 Nxe3 20. Qxe3 e6 21. Nf2
Rfe8 22. Nd3 Kh7 23. Re2 Rac8 24. Nb4 Qd6 25. Ne5 f6 26. Ned3 a5 27. Nc2 Qd5
28. Qh3 Ba6 29. Re3 Bb5 30. Rg3 Bd7 31. Qg4 g5 32. Qh5 Re7 33. fxg5 fxg5 34.
Ne3 Qe4 35. Nf2 Qg6 36. Qxg6+ Kxg6 37. h4 e5 38. hxg5 hxg5 39. Ne4 exd4 40.
Rxg5+ Kh7 41. Nd6 dxe3 42. Nxc8 Bxc8 0-1

[Event "Dundee & Angus Open"]
[Site "?"]
[Date "2016.10.09"]
[Round "4"]
[White "White, Stuart A"]
[Black "Abdulla, Murad"]
[Result "1-0"]
[WhiteElo "1940"]
[BlackElo "2075"]
[PlyCount "81"]
[WhiteTeam "Scotland"]
[BlackTeam "Germany 2"]

1. e4 c5 2. Nf3 d6 3. d4 cxd4 4. Nxd4 Nf6 5. Nc3 g6 6. Be3 Bg7 7. f3 Nc6 8. Qd2
O-O 9. O-O-O d5 10. exd5 Nxd5 11. Nxc6 bxc6 12. Bd4 Bxd4 13. Qxd4 Qb6 14. Na4
Qa5 15. b3 Be6 16. Qe5 Qb4 17. c4 Nf6 18. Bd3 Rfd8 19. h4 Rab8 20. Qc5 Nd7 21.
Qxb4 Rxb4 22. Be4 Rc8 23. Bc2 f5 24. h5 Kg7 25. hxg6 hxg6 26. f4 Rb7 27. Rd3
Kf6 28. Bd1 c5 29. Bf3 Rbc7 30. Nc3 a6 31. Bd5 Nb6 32. Bxe6 Kxe6 33. Kc2 Kf6
34. Rh7 e6 35. Rxc7 Rxc7 36. Rd6 Rb7 37. Rc6 g5 38. fxg5+ Kxg5 39. Rxe6 Kg4 40.
Rg6+ Kh4 41. Ne2 1-0

[Event "Dundee & Angus Open"]
[Site "?"]
[Date "2016.10.09"]
[Round "4"]
[White "Doyle, Jim"]
[Black "McCusker, Andrew"]
[Result "1-0"]
[WhiteElo "1787"]
[BlackElo "1710"]
[PlyCount "55"]
[WhiteTeam "Scotland"]
[BlackTeam "Germany 2"]

1. d4 Nf6 2. c4 g6 3. Nc3 Bg7 4. e4 d6 5. Be2 Nbd7 6. h4 h5 7. Nh3 e5 8. d5 Nc5
9. Ng5 a5 10. Be3 b6 11. f3 Bd7 12. Qd2 Qe7 13. Nb5 Bxb5 14. cxb5 Nfd7 15. Rc1
Rc8 16. Bc4 Bh6 17. O-O f6 18. Ne6 Bxe3+ 19. Qxe3 Nxe6 20. dxe6 Nc5 21. f4 Nxe6
22. fxe5 dxe5 23. Bxe6 Qxe6 24. Rc6 Qg4 25. Rfxf6 Rh7 26. Rxg6 Qd1+ 27. Kh2 Kd7
28. Qh3+ 1-0

[Event "Dundee & Angus Open"]
[Site "?"]
[Date "2016.10.09"]
[Round "4"]
[White "Neave, George"]
[Black "WFM Bamber, Elaine"]
[Result "1/2-1/2"]
[WhiteElo "2176"]
[BlackElo "2093"]
[PlyCount "70"]
[WhiteTeam "Scotland"]
[BlackTeam "Germany 2"]

1. d4 e6 2. c4 Nf6 3. Nc3 d5 4. Nf3 c6 5. e3 Nbd7 6. Bd3 Bd6 7. O-O O-O 8. e4
dxe4 9. Nxe4 Nxe4 10. Bxe4 Re8 11. Re1 c5 12. d5 Nf6 13. Bg5 Be7 14. Qc2 Nxe4
15. Bxe7 Qxe7 16. Qxe4 Qf6 17. d6 Rd8 18. Rad1 Qxb2 19. Ne5 f6 20. d7 fxe5 21.
dxc8=Q Raxc8 22. Rb1 Qd4 23. Qxb7 Rf8 24. Rf1 Qxc4 25. Qxa7 Ra8 26. Qc7 Rxa2
27. Rb7 Qg4 28. h3 Qg5 29. Qxc5 Qf6 30. Qe3 h6 31. Rb5 e4 32. Rb4 Ra1 33. Rxe4
Rxf1+ 34. Kxf1 Qa1+ 35. Qe1 Qxe1+ 1/2-1/2

[Event "Dundee & Angus Open"]
[Site "?"]
[Date "2016.10.09"]
[Round "4"]
[White "Mitchell, Jeremy"]
[Black "Sheerin, Alex"]
[Result "1-0"]
[WhiteElo "1831"]
[BlackElo "1681"]
[PlyCount "73"]
[WhiteTeam "Scotland"]
[BlackTeam "Germany 2"]

1. e4 c5 2. c3 d5 3. exd5 Qxd5 4. d4 Nc6 5. Nf3 Bg4 6. Be2 e6 7. Be3 Nf6 8. O-O
Be7 9. dxc5 Qh5 10. b4 O-O 11. Nbd2 Nd5 12. Nd4 Bxe2 13. Qxe2 Qxe2 14. Nxe2
Rfd8 15. Nc4 a5 16. a3 axb4 17. cxb4 Bf6 18. Rad1 Ne5 19. Nxe5 Bxe5 20. Bc1 Nc7
21. Bf4 Bxf4 22. Nxf4 Nb5 23. Nd3 Nc3 24. Rd2 Rxa3 25. f3 Rb3 26. Nc1 Rxd2 27.
Nxb3 Rb2 28. Ra1 Kf8 29. c6 bxc6 30. Nd4 Rxb4 31. Ra8+ Ke7 32. Nxc6+ Kf6 33.
Nxb4 e5 34. Kf2 e4 35. Ra6+ Kf5 36. Ra5+ Kf6 37. Nd5+ 1-0

[Event "Dundee & Angus Open"]
[Site "?"]
[Date "2016.10.09"]
[Round "4"]
[White "Mooney, Graham"]
[Black "Smith, Callum"]
[Result "1/2-1/2"]
[WhiteElo "1888"]
[BlackElo "1565"]
[PlyCount "43"]
[WhiteTeam "Scotland"]
[BlackTeam "Germany 2"]

1. e4 c6 2. d4 d5 3. Nc3 dxe4 4. Nxe4 Bf5 5. Ng3 Bg6 6. Nf3 Nd7 7. Bc4 e6 8.
O-O Ngf6 9. Re1 Be7 10. c3 h6 11. Qe2 O-O 12. Bxe6 fxe6 13. Qxe6+ Rf7 14. Ne5
Nxe5 15. dxe5 Qd5 16. exf6 Qxe6 17. Rxe6 Bxf6 18. Be3 Rd7 19. Re1 Bf7 20. Re4
Bxa2 21. Nh5 Bd8 22. Bd4 $11 1/2-1/2

[Event "Dundee & Angus Open"]
[Site "?"]
[Date "2016.10.09"]
[Round "4"]
[White "Rutherford, Kathleen"]
[Black "Gray, Euan"]
[Result "1-0"]
[WhiteElo "1540"]
[BlackElo "1826"]
[PlyCount "45"]
[WhiteTeam "Scotland"]
[BlackTeam "Germany 2"]

1. e4 e5 2. Nf3 Nc6 3. d4 exd4 4. Nxd4 Nf6 5. Nxc6 bxc6 6. e5 Qe7 7. Qe2 Nd5 8.
c4 Ba6 9. b3 g6 10. Qe4 Nf6 11. Qe2 Nd5 12. f4 Bg7 13. Qe4 Nb6 14. Nc3 Qe6 15.
Ba3 d5 16. cxd5 cxd5 17. Nxd5 Nxd5 18. Qa4+ c6 19. Bxa6 Nxf4 20. O-O Bxe5 21.
Rae1 f6 22. Rxf4 Bd4+ 23. Kf1 1-0

[Event "Dundee & Angus Open"]
[Site "?"]
[Date "2016.10.09"]
[Round "4"]
[White "Connolly Sams, Lukah"]
[Black "Pasha, Tariq"]
[Result "1/2-1/2"]
[WhiteElo "1476"]
[BlackElo "1739"]
[PlyCount "41"]
[WhiteTeam "Scotland"]
[BlackTeam "Germany 2"]

1. d4 d5 2. Bf4 Nf6 3. Nf3 c5 4. e3 Nc6 5. Nc3 c4 6. Bg5 Bf5 7. a3 h6 8. Bxf6
exf6 9. g3 Be7 10. Bg2 O-O 11. Nd2 Be6 12. Qf3 Qb6 13. Nxd5 Bxd5 14. Qxd5 Qxb2
15. O-O Qxc2 16. Nxc4 Rfd8 17. Rfc1 Qxc1+ 18. Rxc1 Rxd5 19. Bxd5 Rd8 20. Bf3
Rc8 21. Na5 1/2-1/2

[Event "Dundee & Angus Open"]
[Site "?"]
[Date "2016.10.09"]
[Round "4"]
[White "Koehn, Lennart"]
[Black "Spencer, Ed"]
[Result "1-0"]
[WhiteElo "1968"]
[BlackElo "2040"]
[PlyCount "47"]
[WhiteTeam "Scotland"]
[BlackTeam "Germany 2"]

1. e4 d5 2. exd5 Nf6 3. Nf3 Bg4 4. h3 Bh5 5. Be2 Qxd5 6. d4 Nc6 7. O-O O-O-O 8.
Be3 Qd7 9. c3 Rg8 10. Nbd2 g5 11. Nc4 Bxf3 12. Bxf3 g4 13. hxg4 Nxg4 14. Bxg4
Rxg4 15. Qf3 f6 16. Rfe1 Bg7 17. Bf4 Qf5 18. Ne3 Rxf4 19. Nxf5 Rxf3 20. gxf3
Rg8 21. Kh1 Bf8 22. Rg1 Rh8 23. Rg2 e6 24. Rag1 1-0

[Event "Dundee & Angus Open"]
[Site "?"]
[Date "2016.10.09"]
[Round "4"]
[White "Borwell, Alan"]
[Black "James, Chris"]
[Result "0-1"]
[WhiteElo "1907"]
[BlackElo "1861"]
[PlyCount "50"]
[WhiteTeam "Scotland"]
[BlackTeam "Germany 2"]

1. b3 e5 2. Bb2 Nc6 3. e3 d5 4. Bb5 f6 5. Ne2 Bd7 6. O-O a6 7. Bxc6 Bxc6 8. f4
Bd6 9. c4 Ne7 10. c5 Bxc5 11. fxe5 fxe5 12. Bxe5 Qd7 13. Qc2 Bd6 14. Bxg7 Rg8
15. Qxh7 Qg4 16. Rf8+ Rxf8 17. Bxf8 d4 18. Nf4 dxe3 19. dxe3 Kxf8 20. Qh6+ Ke8
21. h3 Qg3 22. Qh5+ Kd7 23. Qe2 Be5 24. Qd2+ Ke8 25. Nc3 Rd8 0-1

[Event "Dundee & Angus Open"]
[Site "?"]
[Date "2016.10.09"]
[Round "4"]
[White "Sykes, Chris"]
[Black "Will, Douglas"]
[Result "1/2-1/2"]
[WhiteElo "1808"]
[BlackElo "1913"]
[PlyCount "66"]
[WhiteTeam "Scotland"]
[BlackTeam "Germany 2"]

1. d4 Nf6 2. Nc3 g6 3. e4 d6 4. f4 c5 5. dxc5 Qa5 6. cxd6 Nxe4 7. Qd4 Nxc3 8.
Bd2 e5 9. Qxc3 Qxc3 10. Bxc3 Bxd6 11. fxe5 Be7 12. O-O-O O-O 13. Bc4 Nc6 14.
Nf3 Rb8 15. Rhe1 b5 16. Bd5 Nb4 17. Bxb4 Bxb4 18. Re4 a5 19. e6 fxe6 20. Bxe6+
Bxe6 21. Rxe6 Rf7 22. c3 Rc7 23. Nd4 Bf8 24. Kb1 b4 25. cxb4 axb4 26. Rc6 Rd7
27. b3 Rbd8 28. Rc4 Bg7 29. Rxb4 Bxd4 30. Rc4 Be5 31. Rxd7 Rxd7 32. h3 Rd2 33.
Rc2 Rd1+ $11 1/2-1/2

[Event "Dundee & Angus Open"]
[Site "?"]
[Date "2016.10.09"]
[Round "4"]
[White "Sanger, Jake"]
[Black "Wiltshir, Rich"]
[Result "1-0"]
[WhiteElo "1563"]
[BlackElo "1635"]
[PlyCount "146"]
[WhiteTeam "Scotland"]
[BlackTeam "Germany 2"]

1. d4 c6 2. Bf4 Nf6 3. e3 g6 4. Nf3 Bg7 5. Nc3 O-O 6. Be2 d6 7. Qd2 Nbd7 8. h4
Qa5 9. Nh2 e5 10. Bg3 Re8 11. Nf3 exd4 12. Nxd4 Ne5 13. Nb3 Qd8 14. O-O-O d5
15. Bxe5 Rxe5 16. Nc5 b6 17. Nd3 Re8 18. h5 a5 19. Rdg1 b5 20. hxg6 hxg6 21. g4
d4 22. exd4 Qxd4 23. Bf3 Ra6 24. g5 b4 25. Ne2 Ne4 26. Nxd4 Nxd2 27. Kxd2 Bxd4
28. Re1 Be6 29. Rh4 Rd8 30. Kc1 c5 31. Reh1 Bxa2 32. Nxc5 Ra7 33. Rd1 Rc7 34.
Nb7 Re8 35. Rd2 Bg7 36. Nd6 Rb8 37. Nb7 a4 38. Rxb4 Bb3 39. Kb1 Be6 40. Rxa4
Bf5 41. Rb4 Bf8 42. Rb3 Be6 43. Na5 Bxb3 44. Nxb3 Be7 45. Rd5 Ra7 46. Re5 Bd6
47. Rd5 Bf4 48. Be4 Re7 49. f3 Re5 50. Rxe5 Bxe5 51. Bd3 Bf4 52. Be4 Bxg5 53.
Bd5 Kg7 54. Ka2 Bf6 55. Ka3 Rb6 56. c4 Rd6 57. Nc5 Be7 58. Ka2 g5 59. Ne4 Ra6+
60. Kb3 f5 61. Ng3 Rb6+ 62. Kc2 Kf6 63. Ne2 Bc5 64. Nc1 Bd4 65. Nb3 Bf2 66. Nc1
Bg3 67. Nd3 Be5 68. b4 Ra6 69. c5 Ra3 70. c6 Bd6 71. b5 Ke7 72. b6 Ra5 73. c7
Bxc7 1-0

[Event "Dundee & Angus Open"]
[Site "?"]
[Date "2016.10.09"]
[Round "4"]
[White "Milton, Carl"]
[Black "Marks, Ian"]
[Result "0-1"]
[WhiteElo "1743"]
[BlackElo "1900"]
[PlyCount "82"]
[WhiteTeam "Scotland"]
[BlackTeam "Germany 2"]

1. d4 Nf6 2. c4 e6 3. Nf3 d5 4. Nc3 c6 5. Bg5 Nbd7 6. e3 Qa5 7. Nd2 Bb4 8. Qc2
O-O 9. Rc1 Re8 10. a3 Be7 11. cxd5 exd5 12. Bd3 Qd8 13. O-O h6 14. Bh4 Nh5 15.
Bxe7 Qxe7 16. b4 a6 17. Qb3 Nhf6 18. a4 Rb8 19. Na2 Ne4 20. Qc2 Ndf6 21. Rb1
Nxd2 22. Qxd2 Ne4 23. Qc2 Bd7 24. Rfc1 Qg5 25. Nc3 Bh3 26. g3 Nxc3 27. Qxc3 Re6
28. b5 axb5 29. axb5 Rbe8 30. Re1 f5 31. Bf1 Qh5 32. bxc6 bxc6 33. Rb6 f4 34.
Rxc6 Rxc6 35. Qxc6 fxe3 36. Bxh3 exf2+ 37. Kxf2 Qf7+ 38. Kg2 Rxe1 39. Qc8+ Kh7
40. Bf5+ g6 41. Bg4 Qf1# 0-1